Battlefield weapons systems & technology, Volume 10 (Record no. 565352)
[ view plain ]
| 000 -LEADER | |
|---|---|
| fixed length control field | 00358nam a2200121Ia 4500 |
| 008 - FIXED-LENGTH DATA ELEMENTS--GENERAL INFORMATION | |
| fixed length control field | 210430s9999 xx 000 0 und d |
| 082 ## - DEWEY DECIMAL CLASSIFICATION NUMBER | |
| Classification number | 623.451 F2191 M |
| 100 ## - MAIN ENTRY--PERSONAL NAME | |
| Personal name | Farrar, C.L. |
| 245 ## - TITLE STATEMENT | |
| Title | Battlefield weapons systems & technology, Volume 10 |
| Statement of responsibility, etc. | Farrar, C.L. |
| 260 ## - PUBLICATION, DISTRIBUTION, ETC. | |
| Place of publication, distribution, etc. | Oxford |
| Name of publisher, distributor, etc. | Brassey's Publishers Limited |
| Date of publication, distribution, etc. | 1983 |
| 300 ## - PHYSICAL DESCRIPTION | |
| Extent | 112p. |
| 942 ## - ADDED ENTRY ELEMENTS (KOHA) | |
| Koha item type | Book |
| Source of classification or shelving scheme | |
| Withdrawn status | Lost status | Damaged status | Not for loan | Permanent Location | Current Location | Date acquired | Total Checkouts | Full call number | Barcode | Date last seen | Price effective from | Koha item type |
|---|---|---|---|---|---|---|---|---|---|---|---|---|
| School of Chemical & Materials Engineering (SCME) | School of Chemical & Materials Engineering (SCME) | 08/16/2 | 623.451 F2191 M | SCME-4671 | 04/30/2021 | 04/30/2021 | Book |
